000
00303nam a2200121Ia 4500
005
20251222144815.0
008
251222s9999||||xx |||||||||||||| ||spa||
082
_a
338.20985/M61
245
0
_a
Propuesta para una Nueva Educación
250
_a
1ra.ed.
264
_b
Miniterio de Educación
942
_c
LIB
999
_c
20277
_d
20277